00481nam a2200181Ia 4500003000900000008004100009040001600050080001700066100002000083245005900103250000900162260003300171300001000204490003400214650001200248650001900260700002000279IN-BaIIA211028s9999 xx 000 0 eng d cIIA Library a530.145bDIC aDicke, Robert H 0aQuantum mechanicscRobert H. Dicke and James P. Wittke arep. aCanadabAddison-Wesleyc1978 a369p. aWorld Students Series Edision aPhysics aQuantum theory aWittke, James P